| 000 | 01158nam0a22002411 4500 | ||
|---|---|---|---|
| 001 | rc\582534 | ||
| 005 | 20260419030928.0 | ||
| 035 | _a(NLR Aleph) 005829962 | ||
| 090 |
_a5569582 _c5569582 |
||
| 100 | _a20031121d1987 |||y0rusy50 ca | ||
| 101 | 0 | _arus | |
| 102 | _aRU | ||
| 105 | _ay ||||||||| | ||
| 200 | 1 |
_aО СПЕЦИФИКЕ курса гармонии на музыкально-педагогических факультетах педагогических вузов _eМетод. рекомендации для преподавателей муз.-теорет. дисциплин и студентов _fМ-во просвещения УССР, Мелитоп. гос. пед. ин-т _g[Сост. А.И. Горемычкин, к. п. н.] |
|
| 210 |
_aМелитополь _cМГПИ _d1987 |
||
| 215 |
_a[1], 16 с. _d20 |
||
| 702 | 1 |
_aГоремычкин _bА.И. _gАнатолий Иванович _4220 |
|
| 712 | 0 | 2 |
_aМелитопольский педагогический институт _3RU\NLR\AUTH\889929836 _9355251 |
| 801 | 0 |
_aRU _bNLR _gpsbo |
|
| 801 | 1 |
_aRU _bELAR _2rusmarc |
|
| 852 |
_aNLR _j88-4/20885 |
||
| 942 | _cBOOK | ||
| 980 | _aNB | ||